| 000 | 02607nam a22002657a 4500 | ||
|---|---|---|---|
| 999 |
_c58059 _d58059 |
||
| 003 | Ge_BSU | ||
| 005 | 20221221135247.0 | ||
| 008 | 210603s2021 ge ||||| |||| 00| 0 geo d | ||
| 041 | _ageo | ||
| 080 | _a58 კ-22 | ||
| 100 |
_aკანდელაკი, მარიამ _95605 |
||
| 245 |
_aშქერის გვარის (Rhododendron L.) ინტროდუცირებული და ადგილობრივი სახეობების ბიოეკოლოგიური თავისებურებები აჭარის ზღვისპირეთის პირობებში / _cმარიამ კანდელაკი; სამეცნიერო ხელმძღვანელი მარიამ მეტრეველი, ივან ვოლოდკო; ბათუმის შოთა რუსთაველის სახელმწიფო უნივერსიტეტი. საბუნებისმეტყველო მეცნიერებათა და ჯანდაცვის ფაკულტეტი. ბიოლოგიის დეპარტამენტი. |
||
| 264 |
_aბათუმი, _c2021. |
||
| 300 |
_a169 გვ. _bცხრ. _c30 სმ. |
||
| 501 | _aდანართი გვ. 147-158 | ||
| 504 | _aბიბლიოგრ. გვ. 134-146 | ||
| 653 | _aშქერის გვარის (Rhododendron L.) ინტროდუცირებული და ადგილობრივი სახეობების ბიოეკოლოგიური თავისებურებები აჭარის ზღვისპირეთის პირობებში | ||
| 653 | _aმცენარეთა ბიომრავალფეროვნება | ||
| 653 | _aდისერტაცია | ||
| 653 | _aბიოლოგია | ||
| 700 |
_aმეტრეველი, მარიამ _eსამეცნიერო ხელმძღვანელი _92890 |
||
| 700 |
_aვოლოდკო, ივან _eსამეცნიერო ხელმძღვანელი _911950 |
||
| 710 |
_aბათუმის შოთა რუსთაველის სახელმწიფო უნივერსიტეტი. _bსაბუნებისმეტყველო მეცნიერებათა და ჯანდაცვის ფაკულტეტი. ბიოლოგიის დეპარტამენტი _910400 |
||
| 942 |
_2udc _cDS |
||